| 000 | 01400cam a2200241 4500 | ||
|---|---|---|---|
| 001 | WB3931-23 | ||
| 008 | 030821n2003 000 0 eng u | ||
| 035 | _a(Sirsi) u123339 | ||
| 245 | _aUS housing market riding high | ||
| 260 | _c2003 | ||
| 490 |
_aRICS News Service _v20 August 2003 (1) |
||
| 520 | _aUS home construction reached its highest level in 17 years according to the US Commerce Department. New housing starts climbed to 1.87m in July, up 1.5% from the previous month with single-family housing starts up 1.9% up on June at 1.52m, the highest since 1978 and the third highest figure on record. The National Association of Realtors' statistics show that existing condominium and co-operative sales set a record in the second quarter 2003. The National Association of Home Builders reports that builder confidence in the market for new single-family homes surged in August as home buyers rushed to get mortgages at attractive rates. http://www.rics.org/ricscms/bin/show?class=News&template=/includes/shownews.html&id=6761®ion=USA®ion=Americas | ||
| 590 | _aWB | ||
| 650 | _aUNITED STATES | ||
| 650 | _aCO-OPERATIVE HOUSING | ||
| 650 | _aHOUSING STARTS | ||
| 650 |
_aSales _96269 |
||
| 650 | _aHOUSE BUILDING | ||
| 650 | _aCONDOMINIUMS | ||
| 690 | _aINTERNATIONAL-AMERICAS | ||
| 856 | _uhttps://www.rics.org/RICSWEB/getpage.aspx?p=SVjFzUbLmUCBic4MGEWCAA | ||
| 942 | _n0 | ||
| 999 |
_c73270 _d73270 |
||